• AIU
  • Tony Wilmot Memorial Library

Primary Teaching Methods (Record no. 62642)

MARC details
000 -LEADER
fixed length control field 00484nam a22001817a 4500
003 - CONTROL NUMBER IDENTIFIER
control field OSt
005 - DATE AND TIME OF LATEST TRANSACTION
control field 20160620104717.0
008 - FIXED-LENGTH DATA ELEMENTS--GENERAL INFORMATION
fixed length control field 160620b xxu||||| |||| 00| 0 eng d
040 ## - CATALOGING SOURCE
Transcribing agency DLC
050 ## - LIBRARY OF CONGRESS CALL NUMBER
Classification number LB 2157
Item number .A3Q5 2000
100 ## - MAIN ENTRY--PERSONAL NAME
Personal name Quist, Dawn
9 (RLIN) 40678
245 ## - TITLE STATEMENT
Title Primary Teaching Methods
Statement of responsibility, etc Dawn Quist
260 ## - PUBLICATION, DISTRIBUTION, ETC. (IMPRINT)
Place of publication, distribution, etc Malaysia
Name of publisher, distributor, etc MacMillan Education
Date of publication, distribution, etc c2000
300 ## - PHYSICAL DESCRIPTION
Extent 145p;
650 ## - SUBJECT ADDED ENTRY--TOPICAL TERM
Topical term or geographic name as entry element Elementary school teaching
Geographic subdivision Africa
9 (RLIN) 40679
651 ## - SUBJECT ADDED ENTRY--GEOGRAPHIC NAME
Geographic name Africa
9 (RLIN) 24250
942 ## - ADDED ENTRY ELEMENTS (KOHA)
Source of classification or shelving scheme Library of Congress Classification
Koha item type Books
Holdings
Withdrawn status Lost status Source of classification or shelving scheme Damaged status Not for loan Collection code Home library Current library Shelving location Date acquired Source of acquisition Cost, normal purchase price Total Checkouts Total Renewals Full call number Barcode Date last seen Date checked out Copy number Price effective from Koha item type
    Library of Congress Classification     General Circulation AIU/NEGST - Tony Wilmot Memorial Library AIU/NEGST - Tony Wilmot Memorial Library General Stacks 03/07/2016 Purchase- Corporate Campus Ltd. 34.40 9 1 LB 2157.A3Q5 2000 R37900X3232 02/02/2026 01/19/2026 1 06/20/2016 Books